[Event "Hasselbacken Open 2018"]
[Site "Stockholm"]
[Date "2018.11.02"]
[Round "2"]
[White "Fernandez, Juan Pablo"]
[Black "Schneider, Stefan"]
[Result "0-1"]
[WhiteElo "2044"]
[BlackElo "2365"]
[Annotator "ChessBase"]
[PlyCount "78"]
[EventDate "2018.11.02"]
[EventCountry "SWE"]
[SourceTitle "playchess.com"]
[Source "ChessBase"]
[SourceQuality "1"]
[TimeControl "900+5"]

1. c4 {[%emt 0:00:00]} e5 {[%emt 0:00:03]} 2. g3 {[%emt 0:00:01]} c6 {[%emt 0:00:05]} 3. Nf3 {[%emt 0:00:23]} e4 {[%emt 0:00:34]} 4. Nd4 {[%emt 0:00:03]} Qb6 {[%emt 0:00:12]} 5. Nb3 {[%emt 0:00:17]} a5 {[%emt 0:00:22]} 6. d3 {[%emt 0:00:45]} Bb4+ {[%emt 0:01:05]} 7. Bd2 {[%emt 0:01:15]} Nf6 {[%emt 0:00:33]} 8. Bg2 {[%emt 0:00:20]} a4 {[%emt 0:01:33]} 9. Bxb4 {[%emt 0:01:36]} Qxb4+ {[%emt 0:00:32]} 10. Qd2 {[%emt 0:00:37]} Na6 {[%emt 0:00:27]} 11. Nd4 {[%emt 0:01:22]} exd3 {[%emt 0:01:38]} 12. exd3 {[%emt 0:00:30]} O-O {[%emt 0:00:07]} 13. O-O {[%emt 0:00:25]} Qxd2 {[%emt 0:02:04]} 14. Nxd2 {[%emt 0:00:02]} Nc5 {[%emt 0:00:01]} 15. Ne4 {[%emt 0:03:12]} Nfxe4 {[%emt 0:01:54]} 16. dxe4 {[%emt 0:00:17]} d6 {[%emt 0:00:03]} 17. Rad1 {[%emt 0:00:32]} Rd8 18. Nf5 {[%emt 0:00:46]} Bxf5 {[%emt 0:00:49]} 19. exf5 {[%emt 0:00:02]} Kf8 {[%emt 0:00:23]} 20. Rfe1 {[%emt 0:00:27]} Rd7 {[%emt 0:00:47]} 21. f4 {[%emt 0:00:34]} Ra6 {[%emt 0:00:06]} 22. Re2 {[%emt 0:00:09]} Rb6 {[%emt 0:00:14]} 23. Red2 {[%emt 0:01:02]} Rb4 {[%emt 0:00:09]} 24. Rc1 {[%emt 0:00:57]} Ke7 {[%emt 0:00:14]} 25. g4 {[%emt 0:00:07]} Kd8 {[%emt 0:00:28]} 26. g5 {[%emt 0:00:12]} f6 {[%emt 0:00:03]} 27. h4 {[%emt 0:00:04]} Kc7 {[%emt 0:00:02]} 28. Kf2 {[%emt 0:00:20]} Rxb2 {[%emt 0:00:17]} 29. Rxb2 {[%emt 0:00:17]} Nd3+ {[%emt 0:00:02]} 30. Ke3 {[%emt 0:00:28]} Nxb2 {[%emt 0:00:04]} 31. Kd4 {[%emt 0:00:11]} Re7 {[%emt 0:00:20]} 32. Kc3 {[%emt 0:00:06]} Re2 {[%emt 0:00:23]} 33. Bf1 {[%emt 0:00:10]} Rf2 {[%emt 0:00:08]} 34. a3 {[%emt 0:00:11]} Kb6 {[%emt 0:00:29]} 35. h5 {[%emt 0:00:03]} h6 {[%emt 0:00:05]} 36. g6 {[%emt 0:00:08]} Kc5 {[%emt 0:00:00]} 37. Bh3 {[%emt 0:00:07]} Nxc4 {[%emt 0:00:27]} 38. Bf1 {[%emt 0:00:04]} Rf3+ {[%emt 0:00:06]} 39. Bd3 {[%emt 0:00:05]} d5 {[%emt 0:00:11] Bxc4 [%clk 0:00:07] Kd4+ Kxd4} 0-1

[Event "Hasselbacken Open 2018"]
[Site "Stockholm"]
[Date "2018.11.02"]
[Round "3"]
[White "Agdestein, Simen"]
[Black "Dolzhikova, Olga"]
[Result "1-0"]
[WhiteElo "2574"]
[BlackElo "2220"]
[Annotator "TA"]
[PlyCount "95"]
[EventDate "2018.11.02"]
[EventCountry "SWE"]
[SourceTitle "playchess.com"]
[Source "ChessBase"]
[SourceQuality "1"]

{[%evp 18,95,100,101,97,85,112,113,130,122,112,112,153,154,198,149,150,132,178,169,178,168,186,180,195,184,229,242,247,260,284,281,283,212,219,209,209,209,204,203,214,210,245,245,436,424,478,479,483,466,501,429,605,599,561,674,672,657,655,655,643,630,648,647,819,812,913,856,1162,1102,1110,1053,1938,1882,1975,1644,1906,2379,29985,29986]} 1. e4 g6 2. d4 Bg7 3. c4 c5 4. d5 d6 5. Nc3 Nf6 6. Nf3 O-O 7. h3 b5 8. cxb5 a6 9. a4 Nbd7 10. Bd2 {LiveBook: 3 Games. E90: King's Indian: Classical: Early deviations and 6 h3} (10. Rb1 axb5 11. axb5 Nb6 12. Be2 e6 13. dxe6 Bxe6 14. O-O d5 15. exd5 Nbxd5 16. Nxd5 Nxd5 17. Bg5 Qb6 18. Qd2 Nc7 19. Bh6 Nxb5 {Alonso Rosell,A (2513)-Mamedyarov,S (2752) Plovdiv 2012}) 10... Bb7 11. Bd3 $146 ({Predecessor:} 11. Qc2 Ne8 12. Be2 axb5 13. Nxb5 e6 14. dxe6 fxe6 15. O-O Qe7 16. Rad1 d5 17. exd5 exd5 {1-0 (30) Danielian,O (2455)-Ibragimov,I (2520) Novgorod 1995}) 11... Ne8 12. O-O {White is better.} Nc7 13. Bg5 axb5 14. axb5 Nb6 15. Rxa8 Bxa8 16. Qd2 Qd7 17. Bh6 Bb7 18. Bxg7 Kxg7 19. b3 Ra8 20. Qb2 {[#] Black must now prevent Na4+.} f6 21. Nd2 Qc8 22. Nc4 Nd7 23. Ra1 Rxa1+ 24. Qxa1 Qa8 25. Qxa8 Nxa8 26. Na4 Kf8 27. Kf1 Ke8 28. f4 Kd8 29. Na5 Kc7 30. Nc6 f5 $2 {[#]} (30... Bxc6 {is a better defense.} 31. bxc6 Nb8) 31. exf5 $18 gxf5 32. Bxf5 Nf6 33. Be6 Nb6 34. Nc3 Bc8 (34... Nh5 $142 35. f5 (35. Nxe7 Nxf4 36. Bg8 h6 $18) 35... Bxc6) 35. Nxe7 Bxe6 36. dxe6 {[%mdl 4096] Endgame KNN-KNN} d5 37. f5 Kd6 38. Nc6 d4 39. Nd1 Nbd5 40. g4 h6 41. Na5 Nf4 42. Nf2 N6d5 43. Nb7+ Kc7 44. Nxc5 Kb6 45. Ncd3 Ne3+ 46. Ke1 Nfd5 47. Ne4 Kxb5 48. f6 {Precision: White = 99%, Black = 51%.} 1-0

[Event "Hasselbacken Open 2018"]
[Site "Stockholm"]
[Date "2018.11.02"]
[Round "3"]
[White "Lyrberg, Patrik"]
[Black "Holst, Conny"]
[Result "1-0"]
[WhiteElo "2440"]
[BlackElo "2195"]
[Annotator "TA"]
[PlyCount "53"]
[EventDate "2018.11.02"]
[EventCountry "SWE"]
[SourceTitle "playchess.com"]
[Source "ChessBase"]
[SourceQuality "1"]

{[%evp 13,53,15,18,7,29,23,20,23,30,28,72,42,52,52,97,65,147,74,100,54,114,47,100,39,87,77,95,1,95,97,125,123,147,143,393,342,456,378,748,740,764,756]} 1. c4 Nf6 2. Nc3 e5 3. g3 h6 4. Bg2 Bb4 5. e4 Bxc3 6. bxc3 {A20: English Opening: 1...e5} O-O 7. Ne2 d6 {LiveBook: 5 Games} 8. h3 $146 {The position is equal.} ({Predecessor:} 8. O-O a6 9. a4 Nbd7 10. d3 Nc5 11. h3 Bd7 12. f4 {0-1 (31) Grischuk,A (2771)-Eljanov,P (2742) Moscow 2010}) 8... Nbd7 9. O-O Nc5 10. d3 Bd7 11. f4 exf4 12. Nxf4 Ba4 13. Qe2 Ne6 14. Be3 Bc6 (14... Nxf4 $14 15. Rxf4 Nd7) 15. Kh2 (15. Nd5 $142 Nd7 16. Rf5) 15... Qe7 16. Rae1 Rae8 (16... Nxf4 $14 17. gxf4 (17. Bxf4 Nd7 $14) 17... a6) 17. Qd2 (17. Bxa7 Nxf4 18. gxf4 (18. Rxf4 b6 $17) 18... b6 $15) (17. Nd5 $16 Bxd5 18. cxd5) 17... Nd7 ({Better is} 17... Nxf4 $14 18. gxf4 (18. Bxf4 Nd7 $11) 18... Bd7) 18. Nh5 ({And not} 18. Bxa7 Nxf4 19. gxf4 (19. Qxf4 $2 b6 $19) 19... b6 $15) ({White should try} 18. Nd5 $16 Qd8 19. d4 (19. Bxa7 b6 $17)) 18... Ne5 {[#]} 19. Bxh6 $1 {[%mdl 512]} gxh6 20. d4 (20. Qxh6 $16 f5 21. d4) 20... Qg5 (20... Nd7 $1 $11) 21. Nf6+ $16 Kh8 22. Qxg5 Nxg5 23. Nxe8 ({But not} 23. dxe5 $6 Rxe5 24. Rf5 Kg7 $11) 23... Nxc4 $2 {[#]} (23... Bxe8 $16 {is a better defense.} 24. dxe5 dxe5) 24. Nf6 b5 25. h4 Ne6 $2 (25... Nh7 26. Nd5 Kg7 27. Nxc7 Rc8) 26. d5 $18 Nd2 27. Rf2 {Precision: White = 47%, Black =  3%.} 1-0

[Event "Hasselbacken Open 2018"]
[Site "Stockholm"]
[Date "2018.11.02"]
[Round "3"]
[White "Lindberg, Bengt"]
[Black "Evertsson, Lennart"]
[Result "1-0"]
[WhiteElo "2401"]
[BlackElo "2145"]
[Annotator "ChessBase"]
[PlyCount "114"]
[EventDate "2018.11.02"]
[EventCountry "SWE"]
[SourceTitle "playchess.com"]
[Source "ChessBase"]
[SourceQuality "1"]
[TimeControl "900+5"]

1. e4 {[%emt 0:00:00]} c5 {[%emt 0:00:01]} 2. Nf3 {[%emt 0:00:00]} e6 {[%emt 0:00:03]} 3. d4 {[%emt 0:00:03]} cxd4 {[%emt 0:00:02]} 4. Nxd4 {[%emt 0:00:03]} Nf6 {[%emt 0:00:12]} 5. Nc3 {[%emt 0:00:03]} Nc6 {[%emt 0:00:16]} 6. Nxc6 {[%emt 0:00:10]} bxc6 {[%emt 0:00:16]} 7. e5 {[%emt 0:00:04]} Nd5 {[%emt 0:00:13]} 8. Ne4 {[%emt 0:00:03]} f5 {[%emt 0:01:12]} 9. exf6 {[%emt 0:01:01]} Nxf6 {[%emt 0:00:11]} 10. Nd6+ {[%emt 0:00:07]} Bxd6 {[%emt 0:00:21]} 11. Qxd6 {[%emt 0:00:05]} Ne4 {[%emt 0:00:29]} 12. Qe5 {[%emt 0:00:39]} Nf6 {[%emt 0:00:09]} 13. Qd6 {[%emt 0:01:02]} Ne4 {[%emt 0:00:45]} 14. Qb4 {[%emt 0:00:06]} d5 {[%emt 0:00:21]} 15. Be3 {[%emt 0:00:11]} Kf7 {[%emt 0:02:07]} 16. Bd3 {[%emt 0:00:50]} Nf6 {[%emt 0:00:13]} 17. Bd4 {[%emt 0:00:45]} Qe7 {[%emt 0:01:08]} 18. Qc3 {[%emt 0:00:09]} Bb7 {[%emt 0:00:30]} 19. f4 {[%emt 0:00:14]} a5 {[%emt 0:00:42]} 20. O-O {[%emt 0:00:55]} Rac8 {[%emt 0:01:13]} 21. f5 {[%emt 0:00:36]} e5 {[%emt 0:01:07]} 22. Bxe5 {[%emt 0:00:12]} c5 {[%emt 0:00:15]} 23. Rae1 {[%emt 0:00:19]} Rhe8 {[%emt 0:00:56]} 24. Bg3 {[%emt 0:03:26]} Qd7 {[%emt 0:00:36]} 25. Rxe8 {[%emt 0:00:35]} Qxe8 {[%emt 0:00:27]} 26. Re1 {[%emt 0:01:02]} Qd7 {[%emt 0:00:20]} 27. Qxa5 {[%emt 0:00:43]} c4 {[%emt 0:00:18]} 28. Bf1 {[%emt 0:00:27]} Qxf5 {[%emt 0:00:40]} 29. Qb4 {[%emt 0:00:11]} Qd7 {[%emt 0:00:16]} 30. Be5 {[%emt 0:00:15]} Ne4 {[%emt 0:00:23]} 31. Bd4 {[%emt 0:00:15]} Kg8 {[%emt 0:00:15]} 32. Re3 {[%emt 0:00:25]} Rf8 {[%emt 0:00:14]} 33. Qe1 {[%emt 0:00:15]} Qg4 {[%emt 0:00:15]} 34. Be2 {[%emt 0:00:22]} Qg6 {[%emt 0:00:11]} 35. Bf3 {[%emt 0:00:33]} Ng5 {[%emt 0:00:09]} 36. Kh1 {[%emt 0:01:03]} Nxf3 {[%emt 0:00:18]} 37. gxf3 {[%emt 0:00:10]} h6 {[%emt 0:00:22]} 38. Qg3 {[%emt 0:00:14]} Qxg3 {[%emt 0:00:05]} 39. hxg3 {[%emt 0:00:01]} Kf7 {[%emt 0:00:05]} 40. Kg2 {[%emt 0:00:10]} Ra8 {[%emt 0:00:02]} 41. a3 {[%emt 0:00:02]} Bc6 {[%emt 0:00:03]} 42. g4 {[%emt 0:00:17]} Ba4 {[%emt 0:00:04]} 43. Re2 {[%emt 0:00:02]} Rc8 {[%emt 0:00:12]} 44. Kg3 {[%emt 0:00:03]} Bb5 {[%emt 0:00:06]} 45. Re5 {[%emt 0:00:03]} Bc6 {[%emt 0:00:04]} 46. Rf5+ {[%emt 0:00:11]} Kg6 {[%emt 0:00:08]} 47. Re5 {[%emt 0:00:03]} Kf7 {[%emt 0:00:04]} 48. f4 {[%emt 0:00:02]} Rd8 {[%emt 0:00:04]} 49. f5 {[%emt 0:00:03]} Ba4 {[%emt 0:00:04]} 50. Re2 {[%emt 0:00:05]} Rc8 {[%emt 0:00:05]} 51. Kf4 {[%emt 0:00:04]} Bd7 {[%emt 0:00:04]} 52. Re5 {[%emt 0:00:02]} Bc6 {[%emt 0:00:03]} 53. Re6 {[%emt 0:00:01]} Ba4 {[%emt 0:00:03]} 54. Rg6 {[%emt 0:00:02]} Rg8 {[%emt 0:00:02]} 55. Ra6 {[%emt 0:00:16]} Bxc2 {[%emt 0:00:09]} 56. Ra7+ {[%emt 0:00:01]} Kf8 {[%emt 0:00:08]} 57. Ke5 {[%emt 0:00:04]} Be4 {[%emt 0:00:05] Kxe4} 1-0

[Event "Hasselbacken Open 2018"]
[Site "Stockholm"]
[Date "2018.11.02"]
[Round "3"]
[White "Lindgren, Philip"]
[Black "Crevatin, Leo"]
[Result "1-0"]
[WhiteElo "2374"]
[BlackElo "2130"]
[Annotator "ChessBase"]
[PlyCount "113"]
[EventDate "2018.11.02"]
[EventCountry "SWE"]
[SourceTitle "playchess.com"]
[Source "ChessBase"]
[SourceQuality "1"]
[TimeControl "900+5"]

1. d4 {[%emt 0:00:00]} d5 {[%emt 0:00:00]} 2. c4 {[%emt 0:00:00]} c6 {[%emt 0:00:00]} 3. Nf3 {[%emt 0:00:03]} e6 {[%emt 0:00:01]} 4. e3 {[%emt 0:00:08]} Nf6 {[%emt 0:00:05]} 5. Bd3 {[%emt 0:00:11]} Nbd7 {[%emt 0:00:08]} 6. O-O {[%emt 0:00:12]} dxc4 {[%emt 0:00:04]} 7. Bxc4 {[%emt 0:00:04]} Bd6 {[%emt 0:00:02]} 8. b3 {[%emt 0:02:07]} O-O {[%emt 0:00:34]} 9. Bb2 {[%emt 0:00:17]} Qc7 {[%emt 0:00:13]} 10. Nbd2 {[%emt 0:01:01]} e5 {[%emt 0:00:20]} 11. Qc2 {[%emt 0:00:27]} h6 {[%emt 0:01:14]} 12. h3 {[%emt 0:00:50]} Re8 {[%emt 0:00:12]} 13. Bd3 {[%emt 0:01:46]} exd4 {[%emt 0:00:33]} 14. Nxd4 {[%emt 0:00:59]} Nf8 {[%emt 0:01:58]} 15. Rac1 {[%emt 0:00:35]} a6 {[%emt 0:00:15]} 16. N2f3 {[%emt 0:00:43]} Nd5 {[%emt 0:01:05]} 17. Nf5 {[%emt 0:00:31]} Bxf5 {[%emt 0:01:34]} 18. Bxf5 {[%emt 0:00:02]} Rad8 {[%emt 0:00:31]} 19. Qc4 {[%emt 0:01:11]} Ne6 {[%emt 0:00:32]} 20. Rfd1 {[%emt 0:00:22]} Qa5 {[%emt 0:00:45]} 21. Bb1 {[%emt 0:00:40]} Qb6 {[%emt 0:00:54]} 22. Qg4 {[%emt 0:00:30]} Bf8 {[%emt 0:00:37]} 23. Nd4 {[%emt 0:01:54]} Nxd4 {[%emt 0:00:53]} 24. Rxd4 {[%emt 0:00:28]} Re5 {[%emt 0:01:38]} 25. Rcd1 {[%emt 0:00:54]} Rg5 {[%emt 0:00:35]} 26. Qf3 {[%emt 0:00:17]} Bc5 {[%emt 0:00:13]} 27. Rg4 {[%emt 0:00:25]} Re8 {[%emt 0:00:46]} 28. Rxg5 {[%emt 0:00:08]} hxg5 {[%emt 0:00:01]} 29. Qf5 {[%emt 0:00:28]} Bxe3 {[%emt 0:01:12]} 30. Qh7+ {[%emt 0:00:09]} Kf8 {[%emt 0:00:01]} 31. fxe3 {[%emt 0:00:04]} Qxe3+ {[%emt 0:00:13]} 32. Kh1 {[%emt 0:00:03]} f6 {[%emt 0:00:17]} 33. Qh8+ {[%emt 0:00:05]} Kf7 {[%emt 0:00:02]} 34. Qh5+ {[%emt 0:00:02]} Kf8 {[%emt 0:00:07]} 35. Qg4 {[%emt 0:00:06]} Nf4 {[%emt 0:00:07]} 36. Qf3 {[%emt 0:00:11]} Qe6 {[%emt 0:00:09]} 37. Ba3+ {[%emt 0:00:04]} Kg8 {[%emt 0:00:03]} 38. Bb2 {[%emt 0:00:03]} Kf8 {[%emt 0:00:06]} 39. Bc3 {[%emt 0:00:04]} Qf7 {[%emt 0:00:05]} 40. Kh2 {[%emt 0:00:03]} Qc7 {[%emt 0:00:02]} 41. Qg3 {[%emt 0:00:04]} Re2 {[%emt 0:00:02]} 42. Rg1 {[%emt 0:00:07]} Qb6 {[%emt 0:00:05]} 43. Qf3 {[%emt 0:00:11]} Qc5 {[%emt 0:00:07]} 44. Be1 {[%emt 0:00:04]} Qe5 {[%emt 0:00:09]} 45. Bg3 {[%emt 0:00:02]} Re3 {[%emt 0:00:04]} 46. Qf2 {[%emt 0:00:04]} Re2 {[%emt 0:00:07]} 47. Qf3 {[%emt 0:00:06]} Re3 {[%emt 0:00:01]} 48. Qg4 {[%emt 0:00:04]} b5 {[%emt 0:00:08]} 49. Qc8+ {[%emt 0:00:03]} Kf7 {[%emt 0:00:02]} 50. Qd7+ {[%emt 0:00:02]} Kg8 {[%emt 0:00:03]} 51. Qc8+ {[%emt 0:00:05]} Kf7 {[%emt 0:00:00]} 52. Qg4 {[%emt 0:00:04]} a5 {[%emt 0:00:03]} 53. Rd1 {[%emt 0:00:04]} Re2 {[%emt 0:00:07]} 54. Bxf4 {[%emt 0:00:06]} gxf4 {[%emt 0:00:04]} 55. Qg6+ {[%emt 0:00:08]} Ke7 {[%emt 0:00:08]} 56. Qxg7+ {[%emt 0:00:02]} Ke6 {[%emt 0:00:01]} 57. Qd7# {[%emt 0:00:06]} 1-0

[Event "Hasselbacken Open 2018"]
[Site "Stockholm"]
[Date "2018.11.02"]
[Round "3"]
[White "Schneider, Stefan"]
[Black "Nordebrink, Johan"]
[Result "1/2-1/2"]
[WhiteElo "2365"]
[BlackElo "2125"]
[Annotator "NA"]
[PlyCount "70"]
[EventDate "2018.11.02"]
[EventCountry "SWE"]
[SourceTitle "playchess.com"]
[Source "ChessBase"]
[SourceQuality "1"]
[TimeControl "900+5"]

1. d4 {[%emt 0:00:00]} Nf6 {[%emt 0:00:00]} 2. c4 {[%emt 0:00:00]} e6 {[%emt 0:00:01]} 3. Nf3 {[%emt 0:00:03]} Bb4+ {[%emt 0:00:09]} 4. Bd2 {[%emt 0:00:04]} Be7 {[%emt 0:00:03] LiveBook: 116 Games} 5. Nc3 {[%emt 0:00:25]} d5 {[%emt 0:00:08]} 6. cxd5 {[%emt 0:00:14]} exd5 {[%emt 0:00:15]} 7. Qc2 {[%emt 0:00:25]} O-O {[%emt 0:00:08]} 8. Bg5 {[%emt 0:00:03]} Be6 {[%emt 0:02:33]} 9. e3 {[%emt 0:00:06] D35: Queen's Gambit Declined: Exchange Variation} c5 {[%emt 0:00:19]} 10. dxc5 {[%emt 0:01:34]} Bxc5 {[%emt 0:00:19]} 11. Bd3 {[%emt 0:00:13]} h6 {[%emt 0:00:10]} 12. Bh4 {[%emt 0:00:02]} Nc6 {[%emt 0:00:10]} 13. O-O {[%emt 0:01:43]} Qe7 {[%emt 0:02:47]} 14. a3 {[%emt 0:00:47]} Rac8 {[%emt 0:00:12]} 15. Qa4 $146 {[%emt 0:02:46]} ({Predecessor:} 15. Rfd1 Rfd8 16. Qe2 a6 {½-½ (61) Kavutskiy,K (2349)-Le,Q (2697) Saint Louis 2015}) 15... Rfd8 {[%emt 0:02:41]} 16. Rad1 {[%emt 0:02:00]} Bd6 {[%emt 0:01:08]} 17. Nb5 {[%emt 0:00:19]} Bb8 {[%emt 0:00:02]} 18. Nbd4 {[%emt 0:00:42]} Bd7 {[%emt 0:00:37]} 19. Nxc6 {[%emt 0:02:03]} (19. Nf5 $16 Qe6 20. N3d4 Nxd4 21. Qxd4) 19... bxc6 {[%emt 0:00:04]} 20. Bg3 {[%emt 0:00:07]} Bxg3 {[%emt 0:00:13]} 21. hxg3 {[%emt 0:00:03]} Bg4 {[%emt 0:00:03]} 22. Rc1 {[%emt 0:00:57]} c5 {[%emt 0:00:06]} 23. Nh2 {[%emt 0:00:24]} Be6 {[%emt 0:00:16]} 24. Bb1 {[%emt 0:00:05]} Qb7 {[%emt 0:01:04]} 25. b4 {[%emt 0:00:35]} c4 {[%emt 0:00:03]} 26. Nf3 {[%emt 0:00:04]} Rd6 {[%emt 0:00:46]} 27. Qc2 {[%emt 0:00:06]} Ne4 {[%emt 0:00:12]} 28. Nd4 {[%emt 0:00:01]} Ra6 {[%emt 0:00:15]} 29. f3 {[%emt 0:00:24]} Nf6 {[%emt 0:00:08]} 30. Qc3 {[%emt 0:00:18]} Rb6 {[%emt 0:00:11]} 31. Bc2 {[%emt 0:00:03]} Re8 {[%emt 0:00:16]} 32. Kh2 {[%emt 0:00:06]} Qc7 {[%emt 0:00:04]} 33. Rfe1 {[%emt 0:00:06]} Nh5 {[%emt 0:00:05]} 34. f4 {[%emt 0:00:03]} Nf6 {[%emt 0:00:02]} 35. Kg1 $17 {[%emt 0:00:03]} (35. e4 $11 {remains equal.}) 35... Bg4 1/2-1/2

[Event "Hasselbacken Open 2018"]
[Site "Stockholm"]
[Date "2018.11.02"]
[Round "3"]
[White "Rahul Kumar, Pune"]
[Black "Cramling, Pia"]
[Result "0-1"]
[WhiteElo "2204"]
[BlackElo "2456"]
[Annotator "TA"]
[PlyCount "57"]
[EventDate "2018.11.02"]
[EventCountry "SWE"]
[SourceTitle "playchess.com"]
[Source "ChessBase"]
[SourceQuality "1"]

{[%evp 19,57,8,27,8,7,0,7,0,14,10,15,-5,-7,-22,-6,-20,0,-32,-23,-81,-72,-194,-181,-179,-173,-215,-208,-253,-257,-265,-263,-369,-359,-356,-364,-384,-344,-341,-336,-327]} 1. d4 Nf6 2. Bf4 e6 3. e3 b6 4. Nd2 Bb7 5. Ngf3 d6 6. h3 {A47: 1 d4 Nf6 2 Nf3 b6: Torre, London and Colle Systems} Nbd7 7. Be2 g6 8. O-O Bg7 9. a4 a6 10. c3 O-O {LiveBook: 15 Games} 11. Qb3 (11. Bh2 Qe7 12. a5 b5 13. c4 bxc4 14. Nxc4 Rfb8 15. Qa4 Nd5 16. Rfe1 N7f6 {½-½ (91) Naiditsch,A (2718)-Dominguez Perez,L (2754) Wijk aan Zee 2014}) 11... e5 $146 ({Predecessor:} 11... Ra7 12. Rfd1 Qa8 13. Bf1 Rb8 14. Rac1 b5 15. a5 Re8 16. Qc2 e5 {0-1 (55) Glienke,M (2390)-Kurajica,B (2545) Bled 1997}) 12. dxe5 dxe5 13. Bh2 Qe7 14. Rfd1 Rfe8 15. Nc4 Ne4 16. Qa3 Qe6 (16... Ndc5 {keeps more tension.} 17. Rf1 f6 18. b4 Ne6 19. Qb3 Rad8) 17. Ncd2 {[#] Black must now prevent Nxe4.} (17. Nfd2 {seems wilder.} a5 18. b4 Ndf6 19. Qb3 Bd5 20. Qb2) 17... Nxd2 18. Rxd2 Nc5 19. Rad1 (19. a5 $11) 19... Bc6 $17 20. Qb4 (20. a5 $17 {was necessary.}) 20... Bxa4 $19 21. Bc4 Qf5 22. b3 Bc6 23. Bd5 Bxd5 24. Rxd5 Qc2 25. Qh4 (25. R1d2 $142 Qxb3 26. Nxe5) 25... Qxb3 26. Ng5 h6 ({And not} 26... Qxc3 27. Qxh7+ Kf8 28. h4 $11) 27. Ne4 Nxe4 28. Qxe4 a5 ({Less strong is} 28... Qxc3 29. Rd7 $19) 29. Rd7 {Precision: White = 29%, Black = 74%.} 0-1

[Event "Hasselbacken Open 2018"]
[Site "Stockholm"]
[Date "2018.11.02"]
[Round "3"]
[White "Adler, Bo"]
[Black "Sjodahl, Pontus"]
[Result "1/2-1/2"]
[WhiteElo "2171"]
[BlackElo "2410"]
[Annotator "TA"]
[PlyCount "123"]
[EventDate "2018.11.02"]
[EventCountry "SWE"]
[SourceTitle "playchess.com"]
[Source "ChessBase"]
[SourceQuality "1"]

{[%evp 26,123,55,41,72,29,32,0,36,13,45,46,14,18,68,4,288,78,68,67,78,60,247,89,73,39,44,0,0,0,0,0,0,0,0,0,0,-9,0,0,0,0,0,0,0,0,0,-30,-28,-105,0,0,0,0,0,0,0,0,0,0,0,0,0,0,0,0,0,0,0,0,0,0,0,0,10,0,0,0,0,0,0,0,0,0,0,0,0,0,0,0,0,0,0,0,0,0,0,0,0,0]} 1. d4 Nf6 2. c4 e6 3. Nc3 Bb4 4. f3 d5 5. a3 Bxc3+ 6. bxc3 c5 7. e3 O-O 8. cxd5 exd5 9. Bd3 b6 10. Ne2 Ba6 11. O-O Bxd3 12. Qxd3 Nc6 13. e4 {E49: Nimzoindisch (Moderne Variante)} cxd4 (13... Re8 14. e5 Nd7 15. f4 f6 16. Ng3 cxd4 17. cxd4 Kh8 18. Be3 Nf8 19. Nh5 fxe5 20. dxe5 Qh4 {1-0 (36) Korobov,A (2652)-Socko,B (2593) Riadh 2017}) 14. cxd4 {LiveBook: 3 Partien} Qd7 15. Bg5 {Weiß steht besser.} Ne8 {[%cal Bf6e8,Be8c7,Bc7e6][%mdl 32]} 16. Nc3 $146 ({Vorgänger:} 16. Rac1 Nd8 17. Bd2 Nc7 18. Bb4 Re8 19. e5 Rc8 20. Ng3 Nde6 {1-0 (28) Cvitan,O (2470)-Cabrilo,G (2430) Lugano 1984}) 16... Nc7 17. Rad1 Ne6 18. exd5 Nxg5 19. dxc6 Qxc6 20. f4 ({Besser ist} 20. d5 $1 $14 Qc5+ 21. Kh1) 20... Rac8 $2 {[%mdl 8192]} (20... Rfc8 $1 $11 {und Schwarz steht sicher.}) 21. Rc1 $2 (21. Nb5 $1 $18 {[%cal Rb5a7]} Ne6 22. f5) 21... Ne6 $16 22. f5 Nc7 {[#]} 23. f6 $1 Rfd8 $2 {[#]} (23... g6 $14) 24. fxg7 $2 (24. Ne4 $1 $18 {und der Rest ist Schweigen.} Qd7 25. fxg7 Kxg7 26. Rcd1) 24... Qg6 25. Ne4 {Droht Sf6+ und aus.} Nd5 $1 {Weiss sollte ...Txc1 verhindern.} 26. Rcd1 Rc6 27. Rf3 Re6 28. Ng3 Qxd3 29. Rdxd3 Kxg7 30. Nf5+ Kf8 31. h3 Ne7 32. Nxe7 Kxe7 $11 {[%mdl 4096] Endspiel KTT-KTT} 33. d5 Re5 34. d6+ Ke6 35. Rf4 Rd7 36. Rdf3 f5 37. g4 (37. Rd4 $11 {hält das Gleichgewicht.}) 37... Rxd6 (37... fxg4 $17 38. Rf6+ Kd5 39. hxg4 Rg5 40. R6f5+ Rxf5 41. Rxf5+ Kxd6) 38. Rxf5 {Die Stellung ist ausgeglichen.} Rxf5 39. Rxf5 $17 {KT-KT} Rd5 40. Rf3 Rd2 41. g5 Rd5 42. h4 Rd4 43. Rf6+ $1 Ke5 44. Rh6 $1 Rd7 45. Kf2 Kf4 46. Ke2 Ke4 47. Re6+ Kf5 48. Rh6 Kf4 49. a4 Ke4 50. a5 bxa5 51. Ra6 Kf4 52. Rxa5 Kg4 53. Ra4+ Kh5 54. Kf3 Rf7+ 55. Kg3 {Weiss will mit Ta6 Matt setzen.} Rb7 56. Ra3 Rc7 57. Ra6 {[%csl Gg5][%cal Ra6h6]} Rc3+ 58. Kf4 {[%csl Gg5][%cal Ra6h6]} Rc4+ 59. Kf5 {[%csl Gg5][%cal Ra6h6]} Rc5+ 60. Kf4 {[%csl Gg5][%cal Ra6h6]} Rc4+ 61. Kf5 {[%csl Gg5][%cal Ra6h6]} Rc5+ 62. Ke4 {Precision: Weiß = 47%, Schwarz = 55%.} 1/2-1/2